| Tag |
First Indicator |
Second Indicator |
Subfields |
| LEADER |
00000cam a2200000 a 4500 |
| 001 |
in00001558708 |
| 005 |
20151022065942.0 |
| 008 |
000120s2000 caua b 001 0 eng |
| 010 |
|
|
|a 00008104
|
| 020 |
|
|
|a 0761915125 (acid free paper)
|
| 035 |
|
|
|a (OCoLC)ocm43384732
|
| 040 |
|
|
|a DLC
|c DLC
|d C#P
|d QP9
|d OCL
|d TXA
|d UtOrBLW
|
| 049 |
|
|
|a TXAM
|
| 050 |
0 |
0 |
|a H62
|b .H2455 2000
|
| 082 |
0 |
0 |
|a 300/.7/2
|2 21
|
| 245 |
0 |
0 |
|a Handbook of qualitative research /
|c Norman K. Denzin, Yvonna S. Lincoln, editors.
|
| 250 |
|
|
|a 2nd ed.
|
| 264 |
|
1 |
|a Thousand Oaks, Calif. :
|b Sage Publications,
|c [2000]
|
| 264 |
|
4 |
|c ©2000
|
| 300 |
|
|
|a xx, 1065 , 57 unnumbered pages :
|b illustrations ;
|c 26 cm.
|
| 336 |
|
|
|a text
|b txt
|2 rdacontent
|
| 337 |
|
|
|a unmediated
|b n
|2 rdamedia
|
| 338 |
|
|
|a volume
|b nc
|2 rdacarrier
|
| 504 |
|
|
|a Includes bibliographical references and indexes.
|
| 505 |
0 |
|
|a Introduction: The discipline and practice of qualitative research / Norman K. Denzin and Yvonna S. Lincoln -- Qualitative methods: their history in sociology and anthropology / Arthur J. Vidich and Stanford M. Lyman -- Reconstructing the relationship between universities and society through action research / Davydd J. Greenwood and Morten Levin -- For whom? qualitative research, representations, and social responsibilities / Michelle Fine ... [et al.] -- Ethics and politics in qualitative research / Clifford G. Christians -- Paradigmatic controversies, contradictions, and emerging confluences / Yvonna S. Lincoln and Egon G. Guba -- Three epistemological stances for qualitative inquiry: interpretivism, hermeneutics, and social constructionism / Thomas A. Schwandt -- Feminisms and qualitative research at and into the millennium / Virgina L. Olesen -- Racialized discourses and ethnic epistemologies / Gloria Ladson-Billings -- Rethinking critical theory and qualitative research / Joe L. Kincheloe and Peter McLaren -- Cultural studies / John Frow and Meaghan Morris -- Sexualities, queer theory, and qualitative research / Joshua Gamson -- The choreography of qualitative research design: minuets, improvisations, and crystallization / Valerie J. Janesick -- An untold story? Doing funded qualitative research / Julianne Cheek -- Performance ethnography: a brief history and some advice / Michael M. McCall -- Case studies / Robert E. Stake -- Ethnography and ethnographic representation / Barbara Tedlock -- Analyzing interpretive practice / Jaber F. Gubrium and James A. Holstein -- Grounded theory: objectivist and constructivist methods / Kathy Charmaz -- Undaunted courage: life history and the postmodern challenge / William G. Tierney -- Testimonio, subalternity, and narrative authority / John Beverley -- Participatory action research / Stephen Kemmis and Robin McTaggart -- Clinical research / William L. Miller and Benjamin F. Crabtree -- The interview: from structured questions to negotiated text / Andrea Fontana and James H. Frey -- Rethinking observation: from method to context / Michael V. Angrosino and Kimberly A. Mays de Pérez -- The interpretation of documents and material culture / Ian Hodder -- Reimagining visual methods: Galileo to neuromancer / Douglas Harper -- Autoethnography, personal narrative, reflexivity: researcher as subject / Carolyn Ellis and Arthur P. Bochner -- Data management and analysis methods / Gery W. Ryan and H. Russell Bernard -- Software and qualitative research / Eben A. Weitzman -- Analyzing talk and text / David Silverman -- Focus groups in feminist research / Esther Madriz -- Applied ethnography / Erve Chambers -- The problem of criteria in the age of relativism / John K. Smith and Deborah K. Deemer -- The practices and politics of interpretation / Norman K. Denzin -- Writing: a method of inquiry / Laurel Richardson -- Anthropological poetics / Ivan Brady -- Understanding social programs through evaluation / Jennifer C. Greene -- Influencing the policy process with qualitative research / Ray C. Rist -- Qualitative inquiry: tensions and transformations / Mary M. Gergen and Kenneth J. Gergen -- The seventh moment: out of the past / Yvonna S. Lincoln and Norman K. Denzin.
|
| 650 |
|
0 |
|a Social sciences
|x Research.
|
| 700 |
1 |
|
|a Denzin, Norman K.
|
| 700 |
1 |
|
|a Lincoln, Yvonna S.
|
| 994 |
|
|
|a E0
|b TXA
|
| 948 |
|
|
|a cataloged
|b h
|c 2000/8/29
|d c
|e bwalker
|f 2:06:23 pm
|
| 999 |
|
|
|a MARS
|
| 999 |
f |
f |
|s 2c9874df-113e-3a8a-90f8-fc781af9d468
|i f8aa57e8-fbcb-371a-b958-05df3e4bebb3
|t 0
|
| 952 |
f |
f |
|p normal
|a Texas A&M University
|b College Station
|c Sterling C. Evans Library
|s Evans stk
|d Evans: Library Stacks
|t 0
|e H62 .H2455 2000
|h Library of Congress classification
|i unmediated -- volume
|m A14826635480
|
| 952 |
f |
f |
|p normal
|a Texas A&M University
|b College Station
|c Sterling C. Evans Library
|s Evans stk
|d Evans: Library Stacks
|t 0
|e H62 .H2455 2000
|h Library of Congress classification
|i unmediated -- volume
|m A14830059719
|
| 952 |
f |
f |
|p normal
|a Texas A&M University
|b College Station
|c Sterling C. Evans Library
|s Evans stk
|d Evans: Library Stacks
|t 0
|e H62 .H2455 2000
|h Library of Congress classification
|i unmediated -- volume
|m A14829126472
|
| 998 |
f |
f |
|a H62 .H2455 2000
|t 0
|l Evans: Library Stacks
|
| 998 |
f |
f |
|a H62 .H2455 2000
|t 0
|l Evans: Library Stacks
|
| 998 |
f |
f |
|a H62 .H2455 2000
|t 0
|l Evans: Library Stacks
|